Responses for Show #3119 - Thursday, March 5, 1998

Contestants

[<< previous game]

Andria Frost, a software support engineer originally from Colorado Springs, Colorado

Robert Campbell, a web page designer from Sunnyvale, California

Ben Wiener, an advertising executive originally from Toronto, Canada (whose 1-day cash winnings total $13,000)

[next game >>]

Jeopardy! Round responses

DUNCAN
"YO"-YOS
(Alex: Now wait a minute, hold everything right there, Kevin, please--I feel a little inadequate talking about yo-yos. Perhaps I could have an assistant: ladies and gentlemen, would you please welcome the one and only "Mr. Yo-Yo Man"! What's our next category?)
WALKING THE DOG
(Alex: Hey, I recognize that one!)
AROUND THE WORLD
(Alex: That's one I used to try a lot!)
SHOOT THE MOON
(Alex: Now, Mr. Yo-Yo Man, what's your most requested trick?)
ROCKING THE BABY
(Alex: Ah, I know that one--I've got two kids. ... Ladies and gentlemen, let's hear it for the one and only "Mr. Yo-Yo Man", Tommy Smothers; he makes it look so easy!)
    $100 11
Sandy Duncan

Andria
    $100 16
Yokel

Andria
    $100 21
Sight

Robert
    $100 1
(R: What is the Pacific?)

Eastern

RobertAndria
    $100 26
Sea of Tranquility

Andria
    $100 6
Sleeping

Robert
    $200 12
(A: Who is Robert the Bruce?)

Macbeth

BenAndria
    $200 17
Yogi

Andria
    $200 22
Dalmatian

Ben
    $200 2
Philippines

Robert
    $200 27
Splashdown

Ben
    $200 7
Burp

Robert
    $300 13
Duncan Hines

Ben
    $300 18
Yonkers

Robert
    $300 23
(A: What is a borzoi?)

Basenji

Andria
Triple Stumper
    $300 3
Ontario

Ben
    $300 28
Golf

Andria
    $300 8
(B: What is regurgitation?)

Spoon-feeding

Ben
Triple Stumper
    $400 14
Tim Duncan

Ben
    $400 19
Youngers

Robert
    $400 24
Airedale

Triple Stumper
    $400 4
(B: What is India?)

Finland

Ben
Triple Stumper
    $400 29
Richard M. Nixon

Andria
    $400 9
Birthmarks

Robert
    $500 15
(A: Who is Hopalong Cassidy?)
(Alex: William Boyd was Hopalong Cassidy)

The Cisco Kid

Andria
Triple Stumper
    $500 20
(Robert: What is "Yo-Ho!"?)

"Yoicks!"

Robert
Triple Stumper
    $500 25
(and we have less than a minute to go...)

Holland/Netherlands

Robert
    $500 5
(B: What is Croatia?)

Montenegro

Ben
    $500 30
(A: What is the lunar landing module?)

Lunar rovers

Andria
Triple Stumper
    $500 10
Neonatologist

Ben

Scores at the first commercial break (after clue 9):

Ben Robert Andria
-$900 $800 $100

Scores at the end of the Jeopardy! Round:

Ben Robert Andria
$900 $1,600 -$200

Double Jeopardy! Round responses

PLAYS & PLAYWRIGHTS
ELECTRONICS
GREAT FEETS OF THE BIBLE
(Alex: Notice the spelling)
PLAYING PRESIDENT
WATERGATE
"NON" SENSE
    $200 1
Sylvester Stallone

Andria
    $200 16
Modem

Andria
    $200 21
Joshua

Ben
    $200 24
Franklin D. Roosevelt

Robert
    $200 10
Bob Woodward & Carl Bernstein

Andria
    $200 5
Non-commissioned officer

Andria
    $400 2
Farces

Andria
    $400 17
Lasers

Andria
    $400 22
Moses

Andria
    $400 25
Absolute Power

Robert
    $400 11
Democratic National Committee

Andria
    $400 6
(A: What is a knot?)

Non sequitur

Andria
Triple Stumper
    $600 3
David Mamet

Ben
    $600 18
Silicon

Robert
    $600 23
Her hair

Ben
    $600 26
(A: Who are the Kennedys?)
(we have a minute to go, Robert....)

Adams

Andria
Triple Stumper
    $600 12
FBI

Robert
    $600 7
Non-Jew

Andria
    $800 4
Athol Fugard

Triple Stumper
    $800 19
Resistance

Andria
    $800 27
Brian Keith

Robert
    $800 13
Special prosecutor

Andria
    $800 8
(A: What is "None But Me?")

"Nonni Nonni"

Andria
    $1000 15
Paddy Chayefsky

Robert
    $1000 20
Digital

Ben
    $900 28
[Directed by D.W. Griffith in 1915]
[The end-of-round signal sounds.]

The Birth of a Nation

Robert
    $1000 14
(A: What is the House Ethics Committee?)
(R: What is the House Judicial Committee?)

House Judiciary Committee

RobertAndria
Triple Stumper
    $1000 9
Non troppo

Andria

Scores at the end of the Double Jeopardy! Round:

Ben Robert Andria
$3,300 $5,100 $2,600

[wagering suggestions for these scores]

Final Jeopardy! Round responses

AUTOBIOGRAPHIES
AndriaWho was Byrd?
$600
BenWho is Charles Lindbergh
$3,300
RobertWho was Charles Lindbergh?
$1,501
Admiral Richard E. Byrd

Final scores:

Ben Robert Andria
$0 $3,599 $3,200
3rd place: Sony Power Cinema Package New champion: $3,599 2nd place: Trip to Plantation Inn, Ocho Rios, Jamaica

Game dynamics:

Coryat scores:

Ben Robert Andria
$3,800 $5,200 $3,400
11 R,
3 W
(including 1 DD)
15 R
(including 1 DD),
3 W
19 R,
8 W
(including 1 DD)

Combined Coryat: $12,400

[game clues] [game scores] [suggest correction]

Game tape date: Unknown
The J! Archive is created by fans, for fans. Scraping, republication, monetization, and malicious use prohibited; this site may use cookies and collect identifying information. See terms. The Jeopardy! game show and all elements thereof, including but not limited to copyright and trademark thereto, are the property of Jeopardy Productions, Inc. and are protected under law. This website is not affiliated with, sponsored by, or operated by Jeopardy Productions, Inc. Join the discussion at JBoard.tv.